Role of institutional finance in Indian agriculture : A study with reference to Chittoor district (Record no. 19427)
[ view plain ]
| 000 -LEADER | |
|---|---|
| fixed length control field | 00521nam a2200145Ia 4500 |
| 082 ## - DEWEY DECIMAL CLASSIFICATION NUMBER | |
| Classification number | TR.0137 |
| 100 ## - MAIN ENTRY--AUTHOR NAME | |
| Personal name | Reddy, V.V. Ramana |
| 245 #0 - TITLE STATEMENT | |
| Title | Role of institutional finance in Indian agriculture : A study with reference to Chittoor district |
| 260 ## - PUBLICATION, DISTRIBUTION, ETC. (IMPRINT) | |
| Year of publication | 1989 |
| Name of publisher | Sri Venkateswara University |
| 300 ## - PHYSICAL DESCRIPTION | |
| Number of Pages | 245p. + C D-5 |
| 650 ## - SUBJECT ADDED ENTRY--TOPICAL TERM | |
| Topical Term | AGRICULTURAL CREDIT - ANDHRA PRADESH - CHITTOOR DISTRICT |
| 650 ## - SUBJECT ADDED ENTRY--TOPICAL TERM | |
| Topical Term | FINANCIAL INSTITUTIONS - ANDHRA PRADESH - CHITTOOR DISTRICT |
| 710 ## - ADDED ENTRY--CORPORATE NAME | |
| Corporate name or jurisdiction name as entry element | Murti, V. Satyanarayana |
| 942 ## - ADDED ENTRY ELEMENTS (KOHA) | |
| Koha item type | Thesis |
| Source of classification or shelving scheme | Dewey Decimal Classification |
| Withdrawn status | Lost status | Damaged status | Not for loan | Home library | Current library | Date acquired | Bill Date | Full call number | Accession Number | Price effective from | Koha item type |
|---|---|---|---|---|---|---|---|---|---|---|---|
| NASSDOC Library | NASSDOC Library | 08/10/2004 | 2004-10-22 | TR.0137 | 30396 | 18/04/2019 | Thesis |
